[Event "Berkshire Berks & Bucks op-A"]
[Site "Berkshire"]
[Date "2023.08.28"]
[Round "5"]
[White "Sachdeva, Ronit"]
[Black "Hall, Antony C"]
[Result "1-0"]
[WhiteElo "1734"]
[BlackElo "1804"]
[PlyCount "95"]
[EventDate "2023.08.26"]
[EventType "swiss"]
[EventRounds "6"]
[EventCountry "ENG"]
[SourceTitle "EXT 2024"]
[Source "ChessBase"]
[SourceDate "2023.10.10"]
[SourceVersion "1"]
[SourceVersionDate "2023.10.10"]
[SourceQuality "1"]

1. Nf3 Nf6 2. e3 d6 3. d4 g6 4. Be2 Bg7 5. 0-0 0-0 6. c4 Nc6 7. d5 Ne5 8. Nxe5 dxe5 9. Nc3 e6 10. e4 exd5 11. cxd5 Ne8 12. b3 f5 13. Ba3 Nd6 14. f3 Rf7 15. Nb5 Nxb5 16. Bxb5 c6 17. Bc4 b5 18. Be2 cxd5 19. Qxd5 Qxd5 20. exd5 a6 21. Bb2 Bb7 22. Rfd1 Rd7 23. a4 Rxd5 24. Rxd5 Bxd5 25. axb5 axb5 26. Rxa8+ Bxa8 27. Bxb5 Bd5 28. Bc4 Bxc4 29. bxc4 Kf7 30. Kf2 Ke6 31. f4 Bf6 32. Bxe5 Bxe5 33. fxe5 Kxe5 34. Ke3 g5 35. g3 h6 36. h3 Ke6 37. Kd4 h5 38. h4 f4 39. gxf4 gxh4 40. Ke4 h3 41. Kf3 h4 42. Kf2 Kd6 43. Kg1 Kc5 44. Kh2 Kxc4 45. Kxh3 Kd5 46. Kxh4 Ke6 47. Kg5 Ke7 48. Kg6 1-0

[Event "Berkshire Berks & Bucks op-A"]
[Site "Berkshire"]
[Date "2023.08.27"]
[Round "4"]
[White "Sommerbauer Cornell, Ben"]
[Black "Hall, Antony C"]
[Result "1/2-1/2"]
[WhiteElo "1849"]
[BlackElo "1804"]
[PlyCount "49"]
[EventDate "2023.08.26"]
[EventType "swiss"]
[EventRounds "6"]
[EventCountry "ENG"]
[SourceTitle "EXT 2024"]
[Source "ChessBase"]
[SourceDate "2023.10.10"]
[SourceVersion "1"]
[SourceVersionDate "2023.10.10"]
[SourceQuality "1"]

1. e4 d6 2. d4 Nf6 3. Nc3 g6 4. Be3 c6 5. Qd2 Qa5 6. h3 Bg7 7. Nf3 Nbd7 8. Bd3 a6 9. 0-0 0-0 10. Bh6 e5 11. Bxg7 Kxg7 12. dxe5 dxe5 13. Rfe1 Qc7 14. a4 a5 15. Rad1 Nb6 16. Bf1 Be6 17. Qd6 Qxd6 18. Rxd6 Ne8 19. Rd2 f6 20. b3 Nc7 21. Red1 Rae8 22. Ne2 Na6 23. Ne1 Nc5 24. f3 Kf7 25. Nd3 1/2-1/2

[Event "London Mill Hill op U1900"]
[Site "London"]
[Date "2022.03.26"]
[Round "1"]
[White "Acharya, Kandara"]
[Black "Hall, Antony C"]
[Result "0-1"]
[WhiteElo "1428"]
[BlackElo "1847"]
[PlyCount "126"]
[EventDate "2022.03.26"]
[EventType "swiss"]
[EventRounds "5"]
[EventCountry "ENG"]
[SourceTitle "EXT 2024"]
[Source "ChessBase"]
[SourceDate "2023.10.10"]
[SourceVersion "1"]
[SourceVersionDate "2023.10.10"]
[SourceQuality "1"]

1. e4 d6 2. d4 Nf6 3. Nc3 g6 4. Nf3 Bg7 5. Bc4 0-0 6. 0-0 Nc6 7. h3 a6 8. a4 e5 9. dxe5 dxe5 10. Bg5 Qxd1 11. Raxd1 h6 12. Bxf6 Bxf6 13. Nd5 Bd8 14. b4 Be6 15. b5 Na5 16. Be2 c6 17. Ne3 Bc7 18. b6 Bxb6 19. Nxe5 Bxe3 20. fxe3 Rad8 21. Rd3 Kg7 22. Rfd1 Rc8 23. Nd7 Rfe8 24. Nb6 Rc7 25. Bf3 Nc4 26. Nxc4 Bxc4 27. Rd7 Re7 28. Rxc7 Rxc7 29. Kf2 b5 30. Be2 Bxe2 31. Kxe2 Kf6 32. Kf3 h5 33. h4 a5 34. Kf4 Ke7 35. Ra1 b4 36. Rd1 Rb7 37. Rb1 Rd7 38. g4 hxg4 39. Kxg4 c5 40. Kf3 Rd2 41. Rc1 c4 42. e5 Ke6 43. Ke4 c3 44. Kf4 Rd5 45. e4 Rd2 46. Ke3 Kxe5 47. Kf3 Rd4 48. Re1 Rd2 49. Rc1 Kd4 50. Kf4 Rf2+ 51. Kg3 Ke3 52. e5 Kd2 53. Rh1 Re2 54. Kf4 Kxc2 55. h5 gxh5 56. Rxh5 b3 57. e6 fxe6 58. Rxa5 b2 59. Rb5 b1Q 60. Rxb1 Kxb1 61. a5 Ra2 62. a6 c2 63. a7 c1Q+ 0-1

[Event "BCF-chT3S 1718 (4NCL) Demotion pool"]
[Site "England"]
[Date "2018.05.07"]
[Round "11.56"]
[White "Dydak, Mateusz"]
[Black "Hall, Antony C"]
[Result "1-0"]
[WhiteElo "1898"]
[BlackElo "1890"]
[PlyCount "157"]
[EventDate "2017.11.11"]
[EventType "team-tourn"]
[EventRounds "11"]
[EventCountry "ENG"]
[SourceTitle "EXT 2020"]
[Source "ChessBase"]
[SourceDate "2019.10.17"]
[SourceVersion "1"]
[SourceVersionDate "2019.10.17"]
[SourceQuality "1"]
[WhiteTeam "Fermented Sharks"]
[BlackTeam "Anglian Avengers II"]
[WhiteTeamCountry "ENG"]
[BlackTeamCountry "ENG"]

1. e4 d6 2. d4 Nf6 3. Nc3 g6 4. Be3 c6 5. Qd2 Nbd7 6. 0-0-0 Qc7 7. f3 a6 8. Kb1 b5 9. Nce2 Nb6 10. Nc1 Nc4 11. Bxc4 bxc4 12. Nge2 Rb8 13. Qc3 Qb7 14. g4 Bxg4 15. fxg4 Nxe4 16. Qa3 d5 17. b3 e6 18. Qb2 Qb6 19. Nc3 Nxc3+ 20. Qxc3 a5 21. Bf4 Rb7 22. Be5 Bb4 23. Qf3 Rg8 24. h4 a4 25. Rh3 Qa6 26. Rf1 axb3 27. cxb3 Bd2 28. Qe2 Qa5 29. Rhf3 c3 30. Qd3 f5 31. Bd6 Kd7 32. Bc5 Ra8 33. Qc2 Qa6 34. Nd3 Rb5 35. gxf5 exf5 36. Bb4 Kc7 37. R1f2 Re8 38. Bxc3 Bxc3 39. Qxc3 Qc8 40. Ne5 Re6 41. Rc2 Qe8 42. a4 Rb6 43. Qc5 Kb7 44. Rfc3 h6 45. a5 Rb5 46. a6+ Ka8 47. Qxb5 cxb5 48. Rc8+ Ka7 49. Rxe8 Rxe8 50. Rc6 g5 51. Rxh6 gxh4 52. Rxh4 Kxa6 53. Rh6+ Ka5 54. Rf6 Rh8 55. Rxf5 Kb4 56. Rf3 Rh1+ 57. Kc2 Rh2+ 58. Kd1 Rh1+ 59. Ke2 Rh2+ 60. Kf1 Rh1+ 61. Kg2 Rh6 62. Kg3 Ka3 63. Kg4 b4 64. Nd7 Rh1 65. Nc5 Rh8 66. Rf5 Kb2 67. Rxd5 Kc3 68. Rd7 Rh1 69. Kf5 Re1 70. Rd6 Rh1 71. Ke5 Rh5+ 72. Ke6 Rh7 73. Kd5 Rh8 74. Kc6 Rh7 75. Kb5 Rh5 76. Rd8 Rf5 77. d5 Rh5 78. d6 Kd4 79. Rc8 1-0

[Event "BCF-chT4S 1617 (4NCL)"]
[Site "England"]
[Date "2017.03.18"]
[Round "7.84"]
[White "Hall, Antony C"]
[Black "Sheikh, Anum"]
[Result "1-0"]
[WhiteElo "1900"]
[BlackElo "1479"]
[PlyCount "127"]
[EventDate "2016.11.26"]
[EventType "team-swiss"]
[EventRounds "11"]
[EventCountry "ENG"]
[SourceTitle "EXT 2019"]
[Source "ChessBase"]
[SourceDate "2018.10.10"]
[SourceVersion "1"]
[SourceVersionDate "2018.10.10"]
[SourceQuality "1"]
[WhiteTeam "Anglian Avengers III"]
[BlackTeam "D&D Utd"]
[WhiteTeamCountry "ENG"]
[BlackTeamCountry "ENG"]

1. e4 e5 2. Nf3 Nc6 3. d4 exd4 4. Bc4 Nf6 5. 0-0 Nxe4 6. Re1 d5 7. Bxd5 Qxd5 8. Nc3 Qd7 9. Nxe4 Be7 10. Bg5 0-0 11. Bxe7 Qxe7 12. Nxd4 Bd7 13. Nb3 Rad8 14. Nec5 Be6 15. Qe2 Bxb3 16. Qxe7 Nxe7 17. axb3 Nc6 18. Rad1 b6 19. Na6 Nd4 20. c3 Nxb3 21. Nxc7 Nc5 22. Nd5 Ne6 23. Ne7+ Kh8 24. Nc6 Ra8 25. Rd7 a6 26. Ne5 Nd8 27. Red1 f6 28. Rxd8 fxe5 29. Rxa8 Rxa8 30. Rd6 b5 31. Kf1 Kg8 32. Re6 Kf7 33. Rxe5 Rd8 34. Ke2 Kf6 35. Re4 Rd5 36. g3 Kf5 37. Rf4+ Kg6 38. Rg4+ Kf6 39. Rf4+ Kg6 40. Re4 Kf5 41. Rf4+ Kg6 42. h4 a5 43. Rf3 h5 44. Rf4 Kh6 45. Rf3 g5 46. Rf6+ Kg7 47. hxg5 Rxg5 48. Re6 Kf7 49. Re4 Kf6 50. Kf3 Rd5 51. Ke2 Rg5 52. Rf4+ Ke5 53. Ra4 bxa4 54. f4+ Kf5 55. fxg5 Kxg5 56. Kf3 Kf5 57. c4 Ke5 58. Ke3 Kf5 59. Kd4 Kg4 60. c5 Kxg3 61. c6 h4 62. c7 h3 63. c8Q h2 64. Qc6 1-0

[Event "BCF-chT3S 1314 (4NCL)"]
[Site "England"]
[Date "2013.11.16"]
[Round "1.22"]
[White "Hinterreither, Nikolai"]
[Black "Hall, Antony C"]
[Result "0-1"]
[WhiteElo "1732"]
[BlackElo "2000"]
[PlyCount "80"]
[EventDate "2013.11.16"]
[EventType "team-swiss"]
[EventRounds "6"]
[EventCountry "ENG"]
[SourceTitle "CBM 157 Extra"]
[Source "ChessBase"]
[SourceDate "2013.12.19"]
[SourceVersion "1"]
[SourceVersionDate "2013.12.19"]
[SourceQuality "1"]
[WhiteTeam "Sussex Smart Survivors II"]
[BlackTeam "Anglian Avengers III"]
[WhiteTeamCountry "ENG"]
[BlackTeamCountry "ENG"]

1. e4 d6 2. d4 Nf6 3. Nc3 g6 4. Be3 Bg7 5. Qd2 c6 6. 0-0-0 Nbd7 7. f3 Qa5 8. Kb1 b5 9. Nce2 Qxd2 10. Rxd2 Nb6 11. b3 Bd7 12. Ng3 a5 13. N1e2 a4 14. Nc1 0-0 15. Be2 Rfc8 16. Rhd1 Be8 17. Nd3 Rab8 18. f4 Nc4 19. bxc4 bxc4+ 20. Ka1 c3 21. Nf2 cxd2 22. Bxd2 c5 23. e5 Nd7 24. d5 dxe5 25. Bc3 exf4 26. Nge4 Bxc3+ 27. Nxc3 Ne5 28. Ba6 Rc7 29. d6 exd6 30. Nd5 Ra7 31. Be2 f5 32. Nf6+ Kg7 33. Nxe8+ Rxe8 34. Rxd6 Nf7 35. Rd2 a3 36. Bf3 Ne5 37. Be2 Rae7 38. Rd6 Ng4 39. Bxg4 fxg4 40. Nxg4 Re1+ 0-1

[Event "Hampstead op U2200 10"]
[Site "Hampstead"]
[Date "2013.10.26"]
[Round "2"]
[White "Hall, Antony C"]
[Black "Brozel, Sacha"]
[Result "1-0"]
[WhiteElo "2010"]
[BlackElo "1778"]
[PlyCount "47"]
[EventDate "2013.10.26"]
[EventType "swiss"]
[EventRounds "5"]
[EventCountry "ENG"]
[SourceTitle "EXT 2015"]
[Source "ChessBase"]
[SourceDate "2014.11.20"]
[SourceVersion "1"]
[SourceVersionDate "2014.11.20"]
[SourceQuality "1"]

1. e4 c5 2. Nf3 e6 3. d4 cxd4 4. Nxd4 Nc6 5. Nxc6 bxc6 6. Bd3 Bb7 7. 0-0 d5 8. exd5 Qxd5 9. Nc3 Qd7 10. Qf3 Nf6 11. Bg5 Be7 12. Rad1 Qc7 13. Bf4 e5 14. Bg3 0-0 15. Rfe1 Bd6 16. Ne4 Be7 17. Nxf6+ Bxf6 18. Qf5 Rfe8 19. Qxh7+ Kf8 20. f4 g6 21. fxe5 Bg7 22. e6 Qb6+ 23. Bf2 Bd4 24. Qxf7# 1-0

[Event "Hampstead op U2200 06"]
[Site "Hampstead"]
[Date "2013.06.29"]
[Round "1"]
[White "Hall, Antony C"]
[Black "Haddock, Paul"]
[Result "1/2-1/2"]
[WhiteElo "2037"]
[BlackElo "1684"]
[PlyCount "115"]
[EventDate "2013.06.29"]
[EventType "swiss"]
[EventRounds "5"]
[EventCountry "ENG"]
[SourceTitle "EXT 2014"]
[Source "ChessBase"]
[SourceDate "2013.11.20"]
[SourceVersion "1"]
[SourceVersionDate "2013.11.20"]
[SourceQuality "1"]

1. e4 e5 2. Nf3 Nc6 3. d4 exd4 4. Bc4 Nf6 5. 0-0 Be7 6. Nxd4 0-0 7. Nc3 d6 8. Bf4 Ne5 9. Bb3 a6 10. a4 Bg4 11. f3 Bh5 12. Qd2 Bg6 13. Rad1 Rc8 14. Qe2 Qe8 15. Rfe1 c5 16. Nf5 c4 17. Ba2 b5 18. axb5 Bxf5 19. exf5 axb5 20. Bxe5 dxe5 21. Qxe5 Bc5+ 22. Kf1 Qc6 23. Ne4 Nxe4 24. fxe4 Rfe8 25. Qf4 Rcd8 26. Rxd8 Rxd8 27. c3 Ba7 28. g3 Qc5 29. Kg2 Bb8 30. Qf2 Qe7 31. Bb1 Ba7 32. Qe2 Rd7 33. Rd1 h6 34. Rxd7 Qxd7 35. Bc2 Qe7 36. e5 Qc5 37. Kh3 Qd5 38. Qe4 Qxe4 39. Bxe4 Be3 40. Bc6 Bc1 41. Bxb5 Bxb2 42. Bxc4 Kf8 43. Kg4 Ke7 44. Kf4 Bxc3 45. g4 Bb2 46. h3 Bc3 47. Ke4 Bb2 48. h4 Bc3 49. g5 hxg5 50. hxg5 Bb2 51. f6+ gxf6 52. gxf6+ Kf8 53. Kd5 Bc3 54. Kd6 Bd4 55. Bxf7 Bxe5+ 56. Kxe5 Kxf7 57. Kf5 Kf8 58. Ke6 1/2-1/2